• 首页
  • 本馆介绍
  • 公告通知
  • 最新文献
  • 馆藏检索
  • 电子资源
  • 读者荐购
  • 参考咨询
  • CALIS
  • 我的图书馆
  • 登录
  • 详细信息显示
  • 放入我的书架
  • 预约/预借图书
  • 作者相关作品
  • 分类相关作品
  • 丛书相关作品
  • 出版社相关作品

书目信息

  • 表格格式
  • 工作单格式
  • 卡片格式
题名:
英语教学设计基础与教学策略研究
    
 
作者: 范燕丽 著
分册:  
出版信息: 长春   吉林出版集团股份有限公司  2022.06
页数: 117页
开本: 24cm
丛书名:
单 册:
中图分类: H319.3
科图分类:
主题词: 英语--ying yu--教学研究
电子资源:
ISBN: 978-7-5731-1350-4
 
 
 
 
 
000 00937nam0 2200229 450
001 27494
005 20220921150323.01
010    @a978-7-5731-1350-4@dCNY42.00
100    @a20220720d2022 em y0chiy50 ea
101 0  @achi@aeng
102    @aCN@b220000
105    @aa a 000yy
200 1  @a英语教学设计基础与教学策略研究@Aying yu jiao xue she ji ji chu yu jiao xue ce lue yan jiu@f范燕丽著
210    @a长春@c吉林出版集团股份有限公司@d2022.06
215    @a117页@c图@d24cm
320    @a有书目 (第117页)
330    @a本书共分为五章: 第一章主要论述了英语教学设计的理论基础与内容 ; 第二章主要论述了英语教学过程设计与实践分析 ; 第三章主要论述了英语教学媒体设计的运用及实践 ; 第四章主要论述了英语教学评价设计及实践分析 ; 第五章主要论述了英语教学策略设计及实践研究。
606 0  @a英语@Aying yu@x教学研究
690    @aH319.3@v5
701  0 @a范燕丽@Afan yan li@4著
801  0 @aCN@c20220910
905    @a河南城建学院图书馆@dH319.3@eF150@f2
    
    英语教学设计基础与教学策略研究/范燕丽著.-长春:吉林出版集团股份有限公司,2022.06
    117页:图;24cm
    
    
    ISBN 978-7-5731-1350-4:CNY42.00
    本书共分为五章: 第一章主要论述了英语教学设计的理论基础与内容 ; 第二章主要论述了英语教学过程设计与实践分析 ; 第三章主要论述了英语教学媒体设计的运用及实践 ; 第四章主要论述了英语教学评价设计及实践分析 ; 第五章主要论述了英语教学策略设计及实践研究。
●
相关链接 在E读中查询图书 在当当中查询图书 在豆瓣中查询图书


正题名:英语教学设计基础与教学策略研究     索取号:H319.3/F150         预约/预借

序号 登录号 条形码 馆藏地/架位号 状态 备注
1 1579643   215796431   语言库209/209语言库 42排3列4层/ [索取号:H319.3/F150] 在馆    
2 1579644   215796440   语言库209/209语言库 42排3列4层/ [索取号:H319.3/F150] 在馆    
河南城建学院图书馆 欢迎您!
大连网信软件有限公司© 版权所有